| 000 | 00546nam a2200205 a 4500 | ||
|---|---|---|---|
| 001 | 0398 | ||
| 005 | 20140414132032.0 | ||
| 008 | 040913s19uu xx 00 eng d | ||
| 020 | _a0-552-52111-6 | ||
| 050 |
_aTR _bWh55 1990 |
||
| 100 | _aMuir, Frank | ||
| 245 |
_aWhat-a-mess the good / _cFrank Muir ; illustrated by Joseph Wright. |
||
| 260 |
_aLondon : _bA Picture Corgi, _c1990. |
||
| 300 | _a1 v.p. : ill. ; cm. | ||
| 526 | _aGrade 2 | ||
| 650 |
_aDogs _xFiction. |
||
| 650 | _aChildren stories. | ||
| 999 |
_c113645 _d113645 |
||